000 00916cab a2200301 4500
001 ABS57720
008 090401t1997 xxu||||| |||| 00| 0 eng d
035 _a(Sirsi) u81359
041 _aeng
110 _aEstates Gazette
_9298
245 _aLicensed and leisure property
260 _c1997
350 _a0
490 _aEstates Gazette
_v`Supplement` Autumn 1997, 1-40(40) LOAN
520 _aLooks at development trends in pubs, choosing sites, licensing laws and nightclubs, as well as pub, restaurant and hotel deals, and a profile on the hotel chain Malmaison.
650 _aDEALS
650 _aHOTELS
650 _aLEISURE PROPERTY
650 _aLICENSED PROPERTY
650 _aLICENSING
650 _aNIGHTCLUBS
650 _aPUBS
650 _aRESTAURANTS
650 _aSITES
690 _aPROPERTY-COMMERCIAL PROPERTY-COMMERCIAL PROPERTY MARKET
942 _n0
948 _c09/10/1997
999 _c51264
_d51264